| 000 | 00964nam a2200265Ia 4500 | ||
|---|---|---|---|
| 001 | 21967 | ||
| 005 | 20260320113329.0 | ||
| 008 | 260320s9999||||xx |||||||||||||| ||und|| | ||
| 020 | _a9786123261627 | ||
| 041 | _aESP | ||
| 082 |
_a305.50985 _bR41 |
||
| 100 |
_aRentería, Mauricio, _eAUT |
||
| 245 | 0 |
_aLa distinción silenciosa : _bclases sociales y divisiones simbólicas en el Perú |
|
| 246 |
_a _5 _b |
||
| 250 | _aPrimera edición, primera reimpresión | ||
| 260 |
_aLima : _bIEP Instituto de Estudios Peruanos, _c2022 |
||
| 300 |
_a200 páginas : _btablas, gráficos ; _c21 cm. _e |
||
| 440 |
_a(Perú problema _n; número 69) _v |
||
| 650 | _aCIS | ||
| 653 | _aCondiciones sociales; Clases sociales - Perú; Desigualdad; Análisis sociológico | ||
| 654 | _aCHU | ||
| 700 |
_aZárate, Patricia, _cAUT |
||
| 856 |
_uhttps://0u20jme4p-y-https-www-jstor-org.itmsp.museknowledge.com/ _zVéase además: Base de datos JSTOR |
||
| 942 |
_cLIB _dJUS _fMAT _2ddc _n |
||
| 999 |
_c21967 _d21967 |
||